Guess the One Direction song with no hints #8 - Statistics

General Stats
  • This quiz has been taken 90 times
  • The average score is 122 of 214
Answer Stats
Answer % Correct
I
98%
you
98%
the
90%
And
89%
and
89%
your
89%
Your
89%
(Your
89%
When
86%
It
81%
on
81%
me
79%
in
78%
to
78%
who
78%
no
73%
my
71%
go
70%
so
70%
for
68%
It's
67%
it's
67%
That
67%
then
67%
are
65%
Don't
65%
don't
65%
if
63%
(Oh)
63%
know,
62%
know
62%
I'll
57%
I'm
57%
kiss
57%
make
57%
eyes,
56%
eyes
56%
eyes)
56%
night
56%
all
54%
But
54%
say
51%
see
51%
why
51%
things
49%
have
46%
I've
44%
last
44%
never
44%
lips
43%
touch
43%
time
41%
down,
40%
leave,
40%
light
38%
now,
38%
try
38%
or
37%
stay
37%
tonight
37%
irresistible
35%
Irresistible
35%
(Irresistible)
35%
should
35%
that's
33%
doesn't
32%
forever
32%
own
32%
wish
32%
alright
30%
kissable
30%
okay
30%
touchable
30%
answer
29%
ask
29%
find
29%
makes
29%
falling
27%
fingertips
27%
knew
27%
someone
27%
unmissable
27%
else?
25%
fine
25%
goodbye
24%
world
24%
Dark
22%
Midnight
22%
ain't
21%
Heartache
21%
tried
21%
around
19%
laughing
19%
myself,
19%
other
19%
turns
19%
flips
16%
No matching quizzes found
Score Distribution
Percent of People with Each Score
Percentile by Number Answered
Your Score History
You have not taken this quiz